00657nam a22001811a 450000100060000000300040000600500170001000800410002709000160006810000270008424502160011126400210032730000100034850200600035865000280041894200120044699900170045818967OSt20260204212431.0181108s2018||||dr ||||||b||||||||||spa|| aET-2018-137 aAlejo Almonte, Rosanna aUso del entorno natural para eficientizar el proceso de aprendizaje de los niños del Distrito 16-01/Rosanna Alejo Almonte, Ana María Vásquez y Magali Mercedes canario.Asesora:Melania Mirambeaux Cassó,M.A aCotuí:El Autor a74 p. aTesis (Licenciatura en Educación, Mención Básica) aEducación BásicaÌ 2ddccTH c18967d18967